| 000 | 00375nam a22001337a 4500 | ||
|---|---|---|---|
| 008 | 230602b xxu||||| |||| 00| 0 eng d | ||
| 020 | _a9789966630803 | ||
| 082 |
_a920 _bAKU |
||
| 100 | _cJudith K. Akuma and Babere Kerata Chacha | ||
| 245 |
_aFrancis Atwoli _bFsame, Force and Fury |
||
| 260 |
_aNairobi, Kenya _bMoran Publishers _c2019 |
||
| 300 | _aXXVIII,160p | ||
| 942 |
_2ddc _cBK |
||
| 999 |
_c72 _d72 |
||